Building Regulations 1991 : drainage and waste disposal. Approved Document H (Record no. 102691)
[ view plain ]
| 000 -LEADER | |
|---|---|
| fixed length control field | 01380cam a2200385 4500 |
| 008 - FIXED-LENGTH DATA ELEMENTS--GENERAL INFORMATION | |
| fixed length control field | 030317n1992 000 0 eng u |
| 020 ## - INTERNATIONAL STANDARD BOOK NUMBER | |
| International Standard Book Number | 0117522023 |
| 035 ## - SYSTEM CONTROL NUMBER | |
| System control number | (Sirsi) u121641 |
| 050 ## - LIBRARY OF CONGRESS CALL NUMBER | |
| Classification number | 692.8 |
| -- | 18 |
| 110 ## - MAIN ENTRY--CORPORATE NAME | |
| Corporate name or jurisdiction name as entry element | Department for Environment, Transport and the Regions |
| 9 (RLIN) | 4203 |
| 240 ## - UNIFORM TITLE | |
| Uniform title | Part H |
| 240 ## - UNIFORM TITLE | |
| Uniform title | Approved Document H |
| 245 ## - TITLE STATEMENT | |
| Title | Building Regulations 1991 : drainage and waste disposal. Approved Document H |
| 250 ## - EDITION STATEMENT | |
| Edition statement | 1992 ed. |
| 260 ## - PUBLICATION, DISTRIBUTION, ETC. | |
| Place of publication, distribution, etc. | Norwich |
| Name of publisher, distributor, etc. | TSO |
| Date of publication, distribution, etc. | 1992 |
| 505 ## - FORMATTED CONTENTS NOTE | |
| Formatted contents note | H1 : sanitary pipework and drainage |
| 505 ## - FORMATTED CONTENTS NOTE | |
| Formatted contents note | H2 : cesspools and tanks |
| 505 ## - FORMATTED CONTENTS NOTE | |
| Formatted contents note | H3 : rainwater drainage |
| 505 ## - FORMATTED CONTENTS NOTE | |
| Formatted contents note | H4 : solid waste storage |
| 520 ## - SUMMARY, ETC. | |
| Summary, etc. | Coming into effect 1 April 1990. View at www.safety.odpm.gov.uk. |
| 520 ## - SUMMARY, ETC. | |
| Summary, etc. | Superseded by 2002 ed. (J121640). Not found when searched for online 28/11/11 |
| 650 ## - SUBJECT ADDED ENTRY--TOPICAL TERM | |
| Topical term or geographic name entry element | BUILDING REGULATIONS 2000 |
| 650 ## - SUBJECT ADDED ENTRY--TOPICAL TERM | |
| Topical term or geographic name entry element | BUILDING REGULATIONS 1991 APPROVED DOCUMENT H (1992 EDITION) |
| 650 ## - SUBJECT ADDED ENTRY--TOPICAL TERM | |
| Topical term or geographic name entry element | CESSPOOLS |
| 650 ## - SUBJECT ADDED ENTRY--TOPICAL TERM | |
| Topical term or geographic name entry element | DRAINAGE |
| 650 ## - SUBJECT ADDED ENTRY--TOPICAL TERM | |
| Topical term or geographic name entry element | PLUMBING |
| 650 ## - SUBJECT ADDED ENTRY--TOPICAL TERM | |
| Topical term or geographic name entry element | RAINWATER |
| 650 ## - SUBJECT ADDED ENTRY--TOPICAL TERM | |
| Topical term or geographic name entry element | SEWERS |
| 650 ## - SUBJECT ADDED ENTRY--TOPICAL TERM | |
| Topical term or geographic name entry element | WASTE STORAGE |
| 650 ## - SUBJECT ADDED ENTRY--TOPICAL TERM | |
| Topical term or geographic name entry element | WATER TREATMENT |
| 690 ## - LOCAL SUBJECT ADDED ENTRY--TOPICAL TERM (OCLC, RLIN) | |
| Topical term or geographic name as entry element | BUILT ENVIRONMENT-BUILDING STANDARDS |
| 710 ## - ADDED ENTRY--CORPORATE NAME | |
| Corporate name or jurisdiction name as entry element | United Kingdom |
| Subordinate unit | Welsh Office |
| 9 (RLIN) | 1214 |
| 856 ## - ELECTRONIC LOCATION AND ACCESS | |
| Uniform Resource Identifier | <a href="https://www.communities.gov.uk/index.asp?id=1130645">https://www.communities.gov.uk/index.asp?id=1130645</a> |
| Hours access method available | View the Approved Document on the ODPM website.... |
| 942 ## - ADDED ENTRY ELEMENTS (KOHA) | |
| Suppress in OPAC | 0 |
| Withdrawn status | Lost status | Source of classification or shelving scheme | Damaged status | Not for loan | Home library | Current library | Shelving location | Date acquired | Total Checkouts | Full call number | Barcode | Date last seen | Copy number | Price effective from | Koha item type |
|---|---|---|---|---|---|---|---|---|---|---|---|---|---|---|---|
| Dewey Decimal Classification | Virtual | Virtual | Online | 17/03/2003 | ONLINE PUBLICATION | 121641-2001 | 06/08/2019 | 1 | 06/08/2019 | Book |